000 00823nam a2200217Ia 4500
999 _c36254
_d36254
001 2159
003 GE_BSU
005 20221021124627.0
008 181216s1991ru xx |||||||||||||| ||rus||
020 _a5060018474
040 _cGE_BSU
041 _arus
080 _a82-95.09(1-87)"17 И-90
245 _aИстория зарубежной литературы.
_bДля студ. филол. фак.вузов /
_cПод ред.З.И.Плавскина
264 _aМосква :
_bВысшая школа,
_c1991.
300 _a335 стр.:
_b19 см.
653 _aИстория зарубежной литературы.
653 _aუცხოური ლიტერატურის ისტორია
700 _aПлавскина, .З.И.
_eრედაქტორი
_915445
942 _cBK
_2udc